MARC details
| 000 -LEADER |
| campo de control de longitud fija |
02635ntaaa2200397 4500 |
| 003 - IDENTIFICADOR DE NÚMERO DE CONTROL |
| campo de control |
01 |
| 005 - FECHA Y HORA DE LA ÚLTIMA TRANSACCIÓN |
| campo de control |
20251027203334.0 |
| 008 - DATOS DE LONGITUD FIJA--INFORMACIÓN GENERAL |
| campo de control de longitud fija |
0714s1973 ag 01 |
| 020 ## - NÚMERO INTERNACIONAL ESTÁNDAR DEL LIBRO |
| Número Internacional Estándar del Libro |
9789876917384 |
| 040 ## - FUENTE DE CATALOGACIÓN |
| Centro catalogador/agencia de origen |
AR-BaBN |
| Lengua de catalogación |
spa |
| Centro/agencia transcriptor |
AR-BaBN |
| Normas de descripción |
aacr |
| Centro/agencia modificador |
RIC |
| 082 ## - NÚMERO DE LA CLASIFICACIÓN DECIMAL DEWEY |
| Número de clasificación |
306.6 Al3i |
| 245 ## - MENCIÓN DEL TÍTULO |
| Título |
La institución como proceso / |
| Mención de responsabilidad, etc. |
editado por Joaquín Algranti, Mariela Mosqueira, y Damián Setton |
| 260 ## - PUBLICACIÓN, DISTRIBUCIÓN, ETC. |
| Lugar de publicación, distribución, etc. |
Buenos Aires : |
| Nombre del editor, distribuidor, etc. |
Edit. Biblos, |
| Fecha de publicación, distribución, etc. |
c2019 |
| 300 ## - DESCRIPCIÓN FÍSICA |
| Extensión |
193 p. ; |
| Dimensiones |
23 cm. |
| 490 ## - MENCIÓN DE SERIE |
| Mención de serie |
Sociedad y religión |
| 500 ## - NOTA GENERAL |
| Nota general |
Subtítulo: Configuraciones de lo religioso en las sociedades contemporáneas |
| 500 ## - NOTA GENERAL |
| Nota general |
Realizado en el marco del Programa Sociedad, Cultura y Religión del CEIL-Conicet |
| 500 ## - NOTA GENERAL |
| Nota general |
Incluye bibliografía al final de cada capítulo |
| 505 ## - NOTA DE CONTENIDO CON FORMATO |
| Título |
Prólogo. Instituciones sociorreligiosas en movimiento y recomposición / |
| Mención de responsabilidad |
Mallimaci, Fortunato |
| 505 ## - NOTA DE CONTENIDO CON FORMATO |
| Título |
Introducción. Pensar sin Iglesias: el hecho institucional como problema de estudio / |
| Mención de responsabilidad |
Algranti, Joaquín |
| 505 ## - NOTA DE CONTENIDO CON FORMATO |
| Título |
"De new age y de energía, mejor ni hablar": espacios de formación y construcción de narrativas de terapeutas alternativos en contextos hospitalarios / |
| Mención de responsabilidad |
Saizar, Mercedes |
| 505 ## - NOTA DE CONTENIDO CON FORMATO |
| Título |
Adicciones y terapéuticas en el mundo evangélico carcelario: aproximaciones a partir de un estudio de caso en Chile / |
| Mención de responsabilidad |
Bahamondes González, Luis |
| 505 ## - NOTA DE CONTENIDO CON FORMATO |
| Título |
Usos terapéutico-espirituales de la ayahuasca en Uruguay / |
| Mención de responsabilidad |
Scuro, Juan |
| 505 ## - NOTA DE CONTENIDO CON FORMATO |
| Título |
Espíritus, biblias y remedios: sentidos prácticos de la sanación en el Chaco indígena argentino / |
| Mención de responsabilidad |
Ceriani Cernadas, César |
| 505 ## - NOTA DE CONTENIDO CON FORMATO |
| Título |
Cuerpos, objetos y reliquias en el movimiento Sai Baba: apuntes sobre la materialidad de lo sagrado / |
| Mención de responsabilidad |
Puglisi, Rodolfo |
| 505 ## - NOTA DE CONTENIDO CON FORMATO |
| Título |
Etnicidad y religión en la formación de fronteras de pertenencia: las comunidades judías de México y Panamá / |
| Mención de responsabilidad |
Siebzehner, Batia |
| 505 ## - NOTA DE CONTENIDO CON FORMATO |
| Título |
Cepas, caminos y colores nacionales: lo que la gente escucha, ve y vive, estudiando la transnacionalización afro-religiosa en el cono sur / |
| Mención de responsabilidad |
Bem, Francisco de |
| 505 ## - NOTA DE CONTENIDO CON FORMATO |
| Título |
Religión y mercado: estrategias de gestión de signos religiosos en bienes de consumo / |
| Mención de responsabilidad |
Alves, Daniel |
| 505 ## - NOTA DE CONTENIDO CON FORMATO |
| Título |
La iglesia católica y los procesos de aculturación en el Renacimiento del siglo XII / |
| Mención de responsabilidad |
Jakubecki, Natalia |
| 505 ## - NOTA DE CONTENIDO CON FORMATO |
| Título |
Prácticas religiosas en perspectiva comparativa: espacios sociales, sensibilidades e institución en el catolicismo en Argentina / |
| Mención de responsabilidad |
Giménez Béliveau, Verónica |
| 650 ## - PUNTO DE ACCESO ADICIONAL DE MATERIA--TÉRMINO DE MATERIA |
| Término de materia o nombre geográfico como elemento de entrada |
RELIGION |
| 9 (RLIN) |
4974 |
| 700 ## - ENTRADA AGREGADA--NOMBRE PERSONAL |
| Nombre de persona |
Algranti, Joaquín |
| Término indicativo de función/relación |
editor |
| 700 ## - ENTRADA AGREGADA--NOMBRE PERSONAL |
| Nombre de persona |
Mosqueira, Mariela |
| Término indicativo de función/relación |
editor |
| 9 (RLIN) |
37121 |
| 700 ## - ENTRADA AGREGADA--NOMBRE PERSONAL |
| Nombre de persona |
Setton, Damián |
| Término indicativo de función/relación |
editor |
| 9 (RLIN) |
37122 |
| 942 ## - ELEMENTOS DE ENTRADA SECUNDARIOS (KOHA) |
| Tipo de ítem Koha |
Colección General |